African Actors and Actresses by Picture - Statistics

General Stats
  • This quiz has been taken 23 times
  • The average score is 4 of 16
Answer Stats
Picture Answer % Correct
Charlize Theron
94%
Lupita Nyong'o
72%
Iman
67%
Omar Sharif
56%
Djimon Hounsou
39%
Barkhad Abdi
22%
Danai Gurira
22%
Alice Krige
17%
Arnold Vosloo
17%
Sharlto Copley
11%
Sofia Boutella
11%
Mena Massoud
6%
Peter Mensah
6%
Edi Gathegi
0%
May Calamawy
0%
Sam Adegoke
0%
No matching quizzes found
Score Distribution
Percent of People with Each Score
Percentile by Number Answered
Your Score History
You have not taken this quiz